| 000 | 00428nam a2200181Ia 4500 | ||
|---|---|---|---|
| 008 | 230711s9999||||xx |||||||||||||| ||und|| | ||
| 020 | _a978-1-4087-0358-8 | ||
| 041 | _aENG | ||
| 082 |
_a800 _bFR-U |
||
| 100 | _aFriedman,Thomas L | ||
| 245 | 0 | _aThat used to be us | |
| 250 | _a1st . Ed. | ||
| 260 |
_c2011 _aNew Delhi _bLittle Brown |
||
| 300 | _a380 | ||
| 650 | _aLiterature | ||
| 700 | _aMandelbaum,Michael | ||
| 942 | _cBK | ||
| 999 |
_c5289 _d5289 |
||